LEADER 01059nam0-2200289 --450 001 9910229457503321 005 20180103131950.0 010 $a978-88-8450-228-5 100 $a20171204d2007----kmuy0itay5050 ba 101 2 $alat$aita 102 $aIT 105 $a 001yy 200 1 $a<>silloge epistolare della seconda metà del 13. secolo$ei Dictamina provenienti dall'Italia meridionale del Ms. Paris, Bibl. Nat. Lat. 8567$fedizione critica a cura di Fulvio Delle Donne 210 $aFirenze$cSISMEL Edizioni del Galluzzo$d2007 215 $aCII, 321 p.$d25 cm 225 1 $aEdizione nazionale dei testi mediolatini$v19 225 1 $aEdizione nazionale dei testi mediolatini. Serie 1$v11 610 0 $aEpistolari$aSec. 13. 676 $a876.03$v20 702 1$aDelle Donne,$bFulvio 801 0$aIT$bUNINA$gREICAT$2UNIMARC 901 $aBK 912 $a9910229457503321 952 $aP2B 660 SISMEL TESTI 19$bBIBL. 2017$fFLFBC 959 $aFLFBC 996 $aSilloge epistolare della seconda metà del 13. secolo$91503510 997 $aUNINA LEADER 03180nam 22008295 450 001 996466021303316 005 20230406025218.0 010 $a3-540-78827-1 024 7 $a10.1007/978-3-540-78827-0 035 $a(CKB)1000000000718134 035 $a(SSID)ssj0000318620 035 $a(PQKBManifestationID)11245857 035 $a(PQKBTitleCode)TC0000318620 035 $a(PQKBWorkID)10310135 035 $a(PQKB)11414372 035 $a(DE-He213)978-3-540-78827-0 035 $a(MiAaPQ)EBC3064079 035 $a(MiAaPQ)EBC6386383 035 $a(PPN)134124227 035 $a(EXLCZ)991000000000718134 100 $a20100301d2008 u| 0 101 0 $aeng 135 $aurnn|008mamaa 181 $ctxt 182 $cc 183 $acr 200 10$aLarge-Scale Scientific Computing$b[electronic resource] $e6th International Conference, LSSC 2007, Sozopol, Bulgaria, June 5-9, 2007, Revised Papers /$fedited by Ivan Lirkov, Svetozar D. Margenov, Jerzy Wasniewski 205 $a1st ed. 2008. 210 1$aBerlin, Heidelberg :$cSpringer Berlin Heidelberg :$cImprint: Springer,$d2008. 215 $a1 online resource (XIV, 758 p.) 225 1 $aTheoretical Computer Science and General Issues,$x2512-2029 ;$v4818 300 $aBibliographic Level Mode of Issuance: Monograph 311 $a3-540-78825-5 320 $aIncludes bibliographical references and index. 327 $aPlenary and Invited Papers -- Robust Multilevel and Hierarchical Preconditioning Methods -- Monte Carlo: Tools, Applications, Distributed Computing -- Operator Splittings, Their Application and Realization -- Recent Advances in Methods and Applications for Large Scale Computations and Optimization of Coupled Engineering Problems -- Control Systems -- Environmental Modelling -- Computational Grid and Large-Scale Problems -- Application of Metaheuristics to Large-Scale Problems -- Contributed Talks. 410 0$aTheoretical Computer Science and General Issues,$x2512-2029 ;$v4818 606 $aComputers 606 $aNumerical analysis 606 $aComputer programming 606 $aOperating systems (Computers) 606 $aAlgorithms 606 $aComputer simulation 606 $aComputer Hardware 606 $aNumerical Analysis 606 $aProgramming Techniques 606 $aOperating Systems 606 $aAlgorithms 606 $aComputer Modelling 615 0$aComputers. 615 0$aNumerical analysis. 615 0$aComputer programming. 615 0$aOperating systems (Computers). 615 0$aAlgorithms. 615 0$aComputer simulation. 615 14$aComputer Hardware. 615 24$aNumerical Analysis. 615 24$aProgramming Techniques. 615 24$aOperating Systems. 615 24$aAlgorithms. 615 24$aComputer Modelling. 676 $a502.85 702 $aMargenov$b Svetozar 702 $aLirkov$b Ivan$f1963- 702 $aWasÌniewski$b Jerzy$f1931- 712 12$aLSSC 801 0$bMiAaPQ 801 1$bMiAaPQ 801 2$bUtOrBLW 906 $aBOOK 912 $a996466021303316 996 $aLarge-Scale Scientific Computing$9772719 997 $aUNISA LEADER 01544nam2 22003373i 450 001 TO01513991 005 20231121125845.0 100 $a20141219d1958 ||||0itac50 ba 101 | $alat 102 $afr 181 1$6z01$ai $bxxxe 182 1$6z01$an 200 1 $a˜1.2: œSupplementum$faccurante Adalberto Hamman 210 $aParis$cGarnier frères$d1958 215 $aCol. 477-908$d28 cm. 461 1$1001SBL0682423$12001 $aPatrologiae cursus completus a J.-P. Migne editus et Parisiis, anno Domini 1844, excusus$eseries latina. Supplementum$faccurante Adalberto Hamman ordinis fratrum minorum s. theologiæ doctore et lectore$v1.2 700 1$aHamman$b, Adalbert G.$3CFIV013649$4070$0153013 790 1$aHamman$b, Adalberto$3CFIV018089$zHamman, Adalbert G. 790 1$aHamman$b, Adalbert$3CFIV094768$zHamman, Adalbert G. 790 1$aHamman$b, Adalbert Gautier$3CFIV159636$zHamman, Adalbert G. 790 1$aHamman$b, A.-G.$3NAPV199046$zHamman, Adalbert G. 790 1$aGautier Hamman$b, Adalbert$3SBNV060588$zHamman, Adalbert G. 801 3$aIT$bIT-01$c20141219 850 $aIT-FR0084 $aIT-FR0017 899 $aBiblioteca Del Monumento Nazionale Di Montecassino$bFR0084 899 $aBiblioteca umanistica Giorgio Aprea$bFR0017 $eN 912 $aTO01513991 950 2$aBiblioteca umanistica Giorgio Aprea$d 52PL Sup.1.2$e 52FLS0000178915 VMN RS $fC $h20150429$i20150429 977 $a 25$a 52 996 $aSupplementum$93638641 997 $aUNICAS